|
|
|
|
| LEADER |
00000nab a2200000 a 4500 |
| 001 |
vtls010732346 |
| 003 |
SK-MaSNL |
| 005 |
20260304192039.0 |
| 008 |
250709s1996 xo |||||||||||||||||slo| |
| 035 |
|
|
|a (urnnbn)urn:nbn:sk:snk:ar-a05bp5
|
| 035 |
|
|
|a (uuid)0f49072a-acb8-4d88-915b-003c5fbd56ce
|
| 035 |
|
|
|a urn:nbn:sk:snk-ab3uoo
|
| 040 |
|
|
|a SNKBUCL
|b slo
|c SNKBUCL
|e AACR2
|
| 041 |
0 |
|
|a slo
|
| 044 |
|
|
|a xo
|c SK
|
| 100 |
1 |
|
|a Tomčiak, Peter
|4 aut
|9 162067
|
| 245 |
1 |
0 |
|a TURTLE BEACH TROPEZ
|c Peter Tomčiak
|
| 773 |
0 |
|
|t PC revue : sprievodca digitálnym svetom
|g Roč. 4, č. 3 (1996), s. 30
|
| 850 |
|
|
|a Slovenská národná knižnica
|
| 852 |
|
|
|a Slovenská národná knižnica
|
| 954 |
|
|
|a odborná, vedecká literatúra pôvodná (slovenská)
|2 lita
|
| 958 |
|
|
|a article1
|
| 958 |
|
|
|a OND
|
| 958 |
|
|
|a EUIPO
|
| 999 |
|
|
|c 3058513
|d 3060443
|